கண்மணி நானுன் நிஜமல்லவா

Saved in:
Bibliographic Details
Main Author: ஹேமா
Format: Book
Language:English
Published: சென்னை நாகம்மை நிலையம் 2021
Tags: Add Tag
No Tags, Be the first to tag this record!

MARC

LEADER 00000nam a22000007a 4500
005 20251107095922.0
008 251107b |||||||| |||| 00| 0 eng d
082 |a 894.8113  |b ஹேமா 
100 |a ஹேமா 
245 |a கண்மணி நானுன் நிஜமல்லவா  |c சரண்யா ஹேமா 
260 |a சென்னை  |b நாகம்மை நிலையம்  |c 2021 
300 |a 700 
942 |c BK 
999 |c 16352  |d 16352